000 00453nam a2200169Ia 4500
008 240729s9999 xx 000 0 und d
022 _a2724-2463
245 0 _aimg journal
260 _aItaly
260 _bUniversity of Bologna
650 _a Psychology | Fine Arts
650 _a Visual arts
650 _aPhilosophy. Psychology. Religion
856 _uhttps://doaj.org/toc/9b79d6e2b8b64192bc9b7eb97843cd31
942 _2ddc
942 _cDOAJEJ
999 _c65655
_d65655
945 _a1
_bMadushi Gamage
_c1
_dMadushi Gamage